LEADER 01758nam 2200385 n 450 001 996389976003316 005 20200824120721.0 035 $a(CKB)4940000000101296 035 $a(EEBO)2240912635 035 $a(UnM)99837628e 035 $a(UnM)99837628 035 $a(EXLCZ)994940000000101296 100 $a19901011d1593 uy | 101 0 $aeng 135 $aurbn||||a|bb| 200 00$aHorologiographia$b[electronic resource] $eThe art of dialling: teaching an easie and perfect way to make all kinds of dials vpon any plaine plat howsoeuer placed: vvith the drawing of the twelue signes, and houres vnequall in them all. Whereunto is annexed the making and vse of other dials and instruments, whereby the houre of the day and night is knowne. Of speciall vse and delight not onely for students of the arts mathematicall, but also for diuers artificers, architects, surueyours of buildings, free-Masons and others. By T. Fale 210 $aAt London $cPrinted by Thomas Orwin, dwelling in Pater noster-Row ouer against the signe of the Checker$d1593 215 $a[4], 60, [16] leaves $cill 300 $aThe diagrams are by Jodocus Hondius. 300 $aRunning title reads: The art of dialling. 300 $aThe last 16 leaves comprise a table of sines. 300 $aReproduction of the original in the Henry E. Huntington Library and Art Gallery. 330 $aeebo-0113 606 $aDialing$vEarly works to 1800 615 0$aDialing 700 $aFale$b Thomas$ffl. 1604.$01002165 702 $aHondius$b Jodocus$f1563-1612, 801 0$bCu-RivES 801 1$bCu-RivES 801 2$bCStRLIN 801 2$bWaOLN 906 $aBOOK 912 $a996389976003316 996 $aHorologiographia$92300126 997 $aUNISA LEADER 03532nam 22008654a 450 001 9910783088303321 005 20230607214809.0 010 $a0-8147-3994-6 010 $a0-8147-8694-4 035 $a(CKB)1000000000003326 035 $a(EBL)866030 035 $a(OCoLC)779828377 035 $a(SSID)ssj0000279883 035 $a(PQKBManifestationID)11214215 035 $a(PQKBTitleCode)TC0000279883 035 $a(PQKBWorkID)10268461 035 $a(PQKB)10656160 035 $a(MiAaPQ)EBC866030 035 $a(OCoLC)55638547 035 $a(MdBmJHUP)muse10278 035 $a(Au-PeEL)EBL866030 035 $a(CaPaEBR)ebr10032480 035 $a(DE-B1597)547023 035 $a(DE-B1597)9780814786949 035 $a(EXLCZ)991000000000003326 100 $a20010329d2001 uy 0 101 0 $aeng 135 $aur|n|---||||| 181 $ctxt 182 $cc 183 $acr 200 10$aGetting over equality$b[electronic resource] $ea critical diagnosis of religious freedom in America /$fSteven D. Smith 210 $aNew York $cNew York University Press$dc2001 215 $a1 online resource (224 p.) 225 1 $aCritical America 300 $aDescription based upon print version of record. 311 $a0-8147-9794-6 320 $aIncludes bibliographical references and index. 327 $aContents; Acknowledgments; Introduction: Beyond Failure; I How Firm a Foundation?; l Blooming Confusion: Religious Equality in the"Age of Madison"; 2 Religion, Democracy, and Autonomy: A Political Parable; 3 Is a Theory of Religious Freedom Possible?; II What Shall We Do? (or How the Supreme CourtCan Stop Making Things Worse); 4 Unprincipled Religious Freedom; 5 The Unhappy Demise of the Doctrine of Tolerance; 6 Demons in the Discourse; III Can Faith Tolerate?; 7 The (Compelling?) Case for Religious Intolerance; 8 Theism and Tolerance; Notes; Index; About the Author 330 $aQuestions of religious freedom continue to excite passionate public debate. Proposals involving school prayer and the posting of the Ten Commandments in schools and courtrooms perennially spur controversy. But there is also a sense that the prevailing discourse is exhausted, that no one seems to know how to think about religious freedom in a way that moves beyond our stale, counterproductive thinking on this issue. In Getting over Equality , Steven D. Smith, one of the most important voices now writing about religious liberty, provocatively contends that we must get over our presumption mistak 410 0$aCritical America. 606 $aReligious tolerance$zUnited States 606 $aProtestantism$zUnited States 610 $aAmerican. 610 $aContends. 610 $aalternate. 610 $aauthentically. 610 $aequality. 610 $aequally. 610 $aforth. 610 $amust. 610 $aneutrality. 610 $aover. 610 $apresumption. 610 $aputs. 610 $arather. 610 $areligions. 610 $areligious. 610 $athan. 610 $athat. 610 $atolerance. 610 $atrue. 610 $aview. 610 $avirtuous. 615 0$aReligious tolerance 615 0$aProtestantism 676 $a323.44/2/0973 700 $aSmith$b Steven D$g(Steven Douglas),$f1952-$01477830 801 0$bMiAaPQ 801 1$bMiAaPQ 801 2$bMiAaPQ 906 $aBOOK 912 $a9910783088303321 996 $aGetting over equality$93830133 997 $aUNINA